000 00699cam a22002171 4500
001 000014848
005 20200929163916.0
008 750922m19489999sp b 000 0 spa
010 _a50056464
035 _a(OCoLC)1647994
040 _aDO-SdBNP
_cGEU
_dOCoLC
_dDLC
042 _apremarc
050 0 0 _aDP104
_b.C3
100 1 _aCagigas, Isidro de las,
_d1891-
_933645
245 1 4 _aLos mudejares.
260 _aMadrid, :
_bConsejo Superior de Investigaciones Cientificas, Instituto de Estudios Africanos,
_c1948-.
300 _av. ;
_c22 cm.
440 0 _aMinorias etnico-religiosas de la edad media espanola,
_v3-
_933646
504 _aBibliography: v. 1, p. 35-39.
650 0 _aMoriscos.
_922802
999 _c14428
_d14428